|
|
|
|
| LEADER |
00689ncm a22002052a 4500 |
| 001 |
001210513 |
| 003 |
CZ BrMZK |
| 005 |
20121212093845.0 |
| 007 |
qu |
| 008 |
120507s1890 au |||||||||||||||||zxx d |
| 040 |
|
|
|a BOA001
|b cze
|
| 072 |
|
7 |
|a 786
|x Hudba pro klávesové nástroje
|2 Konspekt
|9 9
|
| 100 |
1 |
|
|a Wagner, Joseph Franz,
|d 1856-1908
|7 mzk2010594571
|4 cmp
|
| 245 |
1 |
0 |
|a Wiener Bürgermeister, Op. 175
|h [hudebnina] :
|b Marsch für das Pianoforte /
|c J.F. Wagner
|
| 260 |
|
|
|a Wien :
|b Blaha,
|c [1890?]
|
| 300 |
|
|
|a 5 s.
|
| 910 |
|
|
|a BOA001
|b Mus4-0376.936
|
| 990 |
|
|
|a MU
|
| 991 |
|
|
|b 201205
|
| 996 |
6 |
|
|b 2619613056
|c Mus4-0376.936
|l MZK
|r Sklad / do 1 hodiny
|n 0
|p W
|w 001244299
|u 000010
|a 1
|e BOA001
|j MZK50
|s P
|